Osmanlı belgelerinde Ermeni - İngiliz ilişkileri (1896-1922) Cilt 4. (Kayıt no. 15474)

MARC ayrıntıları
000 -BAŞLIK
Sabit Uzunlukta Kontrol Alanı 00833nam a22002657a 4500
999 ## - SİSTEM KONTROL NUMARALARI (KOHA)
Koha Biblionumber 15474
Koha Biblioitemnumber 15474
003 - KONTROL NUMARASI IDENTIFIER
Denetim Alanı MIRAKIL
005 - SON İŞLEM TARİHİ VE ZAMANI
Denetim Alanı 20240226160318.0
008 - SABİT-BOY VERİ ELEMANLARI - GENEL BİLGİLER
Sabit Uzunlukta Kontrol Alanı 240226b tu ||||| |||| 00| 0 tur d
020 ## - ULUSLARARASI STANDART KİTAP NUMARASI
Uluslararası Standart Kitap Numarası 9751938414
040 ## - KATALOGLAMA KAYNAK
Orijinal Kataloglama Ajansı TR-AnCHP
Metne Dönüştürmek Ajansı TR-AnCHP
041 ## - DİL KODU
Metin / Ses Parça Veya Ayrı Başlığın Dil Kodu tur
082 ## - DEWEY ONLU SINIFLANDIRMA NUMARASI
Sınıflandırma Numarası 956.1023
Ürün Numarası O75 2004 c.4
090 ## - SINIFLAMA NUMARASI
Sınıflama Numarası 956.1023 O75 2004 c.4
245 10 - BAŞLIK TABLOSU
Başlık Osmanlı belgelerinde Ermeni - İngiliz ilişkileri (1896-1922) Cilt 4.
260 ## - YAYIN, DAĞITIM, VB
Yayın, Dağıtım, Vb Yeri Ankara:
Yayıncı, Dağıtıcı, Vs Adı Başbakanlık Devlet Arşivleri Genel Müdürlüğü,
Yayın, Dağıtım, Vb Tarihi 2006.
300 ## - FİZİKSEL TANIM
Kapsam 4.c.
Boyutlar 24 cm.
500 ## - GENEL NOT
Genel Not ISBN 975193625X (Tk.)<br/>
650 #0 - KONU KATMA GİRİŞ - TOPİKAL DÖNEM
9 (RLIN) 7592
Topikal Süreli Veya Coğrafi Ad Giriş Elemanı Ermeni - İngiliz ilişkileri
Kronolojik Alt Bölümü 1896-1922
856 ## - ELEKTRONİK YER VE ERİŞİM
Kamu Notu Dijital Nüshası için Partimizin Kütüphane Sorumlusu ile iletişime geçiniz.
942 ## - EKLENDİ GİRİŞ ELEMANLARI (KOHA)
Sınıflandırma Veya Raf Düzeni Kaynak Dewey Decimal Classification
Koha Öğesi Türü Kitaplar
999 ## - SİSTEM KONTROL NUMARALARI (KOHA)
Koha Biblioitemnumber 15471
999 ## - SİSTEM KONTROL NUMARALARI (KOHA)
Koha Biblioitemnumber 15471
999 ## - SİSTEM KONTROL NUMARALARI (KOHA)
Koha Biblioitemnumber 15471
999 ## - SİSTEM KONTROL NUMARALARI (KOHA)
Koha Biblioitemnumber 15470
Mevcut
Kalıcı Konum Mevcut Konum Edinme Tarihi Toplam Check-Out'Lar Tam Çağrı Numarası Barkod Tarih Son Görülme İtibaren Geçerli Fiyatlar Koha Öğesi Türü
Parti Okulu Kütüphanesi Parti Okulu Kütüphanesi 02/26/2024   956.1023 O75 2004 c.4 21119 02/26/2024 02/26/2024 Kitaplar